| 000 | 00483nam a22001337a 4500 | ||
|---|---|---|---|
| 082 |
_a778.35 _bPRO _cD |
||
| 100 |
_aU. S. Army Engg School _946432 |
||
| 245 |
_aProgrammed Instruction Text Aerial Photography _bProgrammed Instruction Text Aerial Photography Determination of Photo Scale _cU. S. Army Engg School |
||
| 260 | _aU. S. Army Engg School, Fort Belvoir, Virginia | ||
| 300 | _a22 P, : | ||
| 526 |
_a0 _b0 _c0 _d778_350000000000000_PRO |
||
| 650 |
_aMCE _9379 |
||
| 942 |
_2ddc _cBK |
||
| 999 |
_c549771 _d549771 |
||